UBT Library

Microeconomics : (Record no. 47362)

000 -LEADER
fixed length control field 00666cam a22002415a 4500
001 - CONTROL NUMBER
control field 20595452
005 - DATE AND TIME OF LATEST TRANSACTION
control field 20180828042950.0
008 - FIXED-LENGTH DATA ELEMENTS--GENERAL INFORMATION
fixed length control field 180723s2013 xxu 000 0 eng
010 ## - LIBRARY OF CONGRESS CONTROL NUMBER
LC control number 2011943654
020 ## - INTERNATIONAL STANDARD BOOK NUMBER
International Standard Book Number 1111970610
020 ## - INTERNATIONAL STANDARD BOOK NUMBER
International Standard Book Number 9781111970611
040 ## - CATALOGING SOURCE
Original cataloging agency DLC
Transcribing agency DLC
041 ## - LANGUAGE CODE
Language code of text/sound track or separate title eng
042 ## - AUTHENTICATION CODE
Authentication code pcc
080 ## - UNIVERSAL DECIMAL CLASSIFICATION NUMBER
Universal Decimal Classification number 330.101.262
082 ## - DEWEY DECIMAL CLASSIFICATION NUMBER
Edition number 330.101.262
100 ## - Rafti
Rafti 52
101 ## - Shkurtesa
Shkurtesa MIK
245 00 - TITLE STATEMENT
Title Microeconomics :
Statement of responsibility, etc James D. Gwartney, Richard Stroup, Russell S. Sobel, David A. Macpherson.
906 ## - LOCAL DATA ELEMENT F, LDF (RLIN)
a 0
b ibc
c origres
d 2
e ncip
f 20
g y-gencatlg
942 ## - ADDED ENTRY ELEMENTS (KOHA)
Source of classification or shelving scheme
Item type Books
Holdings
Withdrawn status Lost status Source of classification or shelving scheme Damaged status Not for loan Collection code Permanent location Current location Shelving location Date acquired Total Checkouts Full call number Barcode Date last seen Price effective from Koha item type
          Koleksioni i përgjithshem UBT - Lipjan UBT - Lipjan Koleksioni i përgjithshem 08/28/2018   330.101.262 SOB 002-3011957 08/28/2018 08/28/2018 Books
UBT Library © 2015-2024. All rights reserved University Education for Business and Technology